Normal view MARC view
  • म्हाळस, चित्रा

Entry Personal Name

Number of records used in: 1

001 - CONTROL NUMBER

  • control field: 78058

003 - CONTROL NUMBER IDENTIFIER

  • control field: OSt

005 - DATE AND TIME OF LATEST TRANSACTION

  • control field: 20220806113543.0

008 - FIXED-LENGTH DATA ELEMENTS

  • fixed length control field: 220806|| aca||aabn | a|a d

040 ## - CATALOGING SOURCE

  • Original cataloging agency: OSt
  • Transcribing agency: OSt

100 ## - HEADING--PERSONAL NAME

  • Personal name: म्हाळस, चित्रा

670 ## - SOURCE DATA FOUND

  • Source citation: Work cat.: (OSt)43273: म्हाळस, चित्रा, प्रेमकवितेचे स्वरूप आणि स्थित्यतरे, 2019